| 000 | 00728nam a2200253Ia 4500 | ||
|---|---|---|---|
| 003 | OSt | ||
| 005 | 20220930094323.0 | ||
| 006 | a|||||r|||| 00| 0 | ||
| 007 | ta | ||
| 008 | 220926b |||||||| |||| 00| 0 eng d | ||
| 020 |
_a9789352644957 (hbk) _cIndian Rupees 499 |
||
| 024 | _a70554 | ||
| 037 |
_bGift, 03/12/2021, _cTheses |
||
| 040 |
_aCRL _cCRL _beng |
||
| 041 |
_2eng _aeng |
||
| 082 | _aQ2:1, P6 | ||
| 100 |
_aPattanaik Devdutt Au. _9307994 |
||
| 245 | 0 |
_aLeader _b 50 insights from mythology |
|
| 260 |
_aMumbai _bIndus Source Books India _c2006 |
||
| 300 |
_a235p. _ap. _ccm. |
||
| 650 | _aRELIGION | ||
| 942 |
_hQ2:1, P6 _cDIS _2CC |
||
| 999 |
_c886919 _d886919 |
||